000 00615nam a2200205Ii 4500
003 JO-AjNU
008 230605s9999||||xx |||||||||||||| ||und||
040 _aJO-AjNU
_bara
_erda
_cJO-AjNU
041 _aara
050 1 4 _aBP130.2.K42 1965
100 3 _aخالد،خالد محمد,
_eauthor
_916783
245 0 0 _aكما تحدث القرآن
250 _aط2
264 3 1 _aالقاهرة: مكتبة وهبة، 1965
300 _a171ص
336 _atext
_btxt
_2rdacontent
337 _aunmediated
_bn
_2rdamedia
338 _avolume
_bnc
_2rdacarrier
650 4 _aالقرآن الكريم- تفاسير
_916784
999 _aA5050
_c8618
_d8618